Do metropolitan areas mean anything? A research note.

Poznámky o účelných reláciách miest a predmestí metropolitných území. Analýza špecifických faktorov metropolitných území v centrálnom meste a rastu predmestí, pričom sa berú do úvahy oblastné a celoštátne faktory. Údaje o raste metropolitných území za r. 1960-1980.

Gespeichert in:
Bibliographische Detailangaben
1. Verfasser: Mills, E.S
Format: Buchkapitel
Sprache:Englisch
Schlagworte:
Tags: Tag hinzufügen
Keine Tags, Fügen Sie das erste Tag hinzu!

MARC

LEADER 00000naa a2200000 4500
001 r002807
005 20220819193836.8
041 0 |a eng 
044 |a US 
245 1 0 |a Do metropolitan areas mean anything? A research note.  |c E.S. Mills 
520 |a Poznámky o účelných reláciách miest a predmestí metropolitných území. Analýza špecifických faktorov metropolitných území v centrálnom meste a rastu predmestí, pričom sa berú do úvahy oblastné a celoštátne faktory. Údaje o raste metropolitných území za r. 1960-1980. 
610 2 0 |a regióny prímestské 
610 2 0 |a mestá 
610 2 0 |a rozvoj regionálny 
610 2 0 |a údaje štatistické 
610 2 0 |a 1960-1980 
610 2 0 |a USA 
610 2 0 |a veľkomestá 
100 1 |a Mills, E.S.